000 00519nam a2200181Ia 4500
001 20086
005 20260306172740.0
008 260306t2007||||xx |||||||||||||| ||spa||
041 _aESP
082 _a342.211
_bP35 T. 3 V. 2 L. 2
100 _aPeces-Barba Martinez, Gregorio
_eAUT
245 0 _aHistoria de los derechos fundamentales:
_bsiglo XIX,. La filosofía de los derechos humanos
260 _c2007
300 _axxv, 1127 páginas
_c24 cm.
650 _aGEN
654 _aCDE
942 _cLIB
_dJUS
_fJUS
_2ddc
_n
999 _c20086
_d20086